Ultimate Ravenclaw Facts Quiz Stats

 Plays Quiz not verified by Sporcle

Score 0/24 Timer 06:00
0 Plays Today
Hint Answer % Correct
GeneralRowena Ravenclaw
97.7%
GeneralFilius Flitwick
90.9%
MembersCho Chang
89.1%
GeneralCharms
89%
GeneralDiadem
88.6%
GhostThe Grey Lady
85.1%
GeneralEagle
84.7%
Generalwit
82.6%
GhostDaughter
81.8%
GeneralBlue and Bronze
80.6%
MembersLuna Lovegood
78.7%
GhostHelena Ravenclaw
77.7%
Hint Answer % Correct
GhostThe Bloody Baron
77.5%
Common RoomAnswer a riddle
72.8%
Common RoomRavenclaw Tower
70.5%
MembersPadma Patil
65.1%
MembersMarietta Edgecombe
61.6%
MembersTerry Boot
58.7%
MembersMichael Corner
58.1%
MembersRoger Davies
54.5%
MembersAnthony Goldstein
50%
MembersPenelope Clearwater
49.6%
MembersLisa Turpin
20%
MembersMandy Brocklehurst
17.1%

You're not logged in!

Compare scores with friends on all Sporcle quizzes.
OR
Log In

Show Comments

Extras

Created Oct 21, 2010ReportNominate
Tags:Harry Potter Quiz

Top Quizzes Today


Score Distribution

Your Account Isn't Verified!

In order to create a playlist on Sporcle, you need to verify the email address you used during registration. Go to your Sporcle Settings to finish the process.

Report this User

Report this user for behavior that violates our Community Guidelines.

Details: